| 000 | 00620cam a2200217 4500 | ||
|---|---|---|---|
| 008 | 020917n2001 000 0 eng u | ||
| 020 | _a1860815162 | ||
| 035 | _a(Sirsi) u119706 | ||
| 050 | _a693.4 | ||
| 100 | _aDe Vekey, R. | ||
| 245 | _aBricks, blocks and masonry made from aggregate concrete : performance requirements | ||
| 260 |
_aLondon _bCRC _c2001 |
||
| 300 |
_a12p. _bill. _c30cm. |
||
| 490 |
_aBRE Digest _v460 Part 1 |
||
| 650 | _aAGGREGATE CONCRETE | ||
| 650 | _aCONCRETE BRICKS | ||
| 650 | _aCONCRETE BLOCKS | ||
| 650 | _aMASONRY | ||
| 690 | _aBUILT ENVIRONMENT-BUILDING MATERIALS | ||
| 942 | _n0 | ||
| 999 |
_c102362 _d102362 |
||